| 000 | 00525nam a2200145Ia 4500 | ||
|---|---|---|---|
| 008 | 230917s9999||||xx |||||||||||||| ||und|| | ||
| 040 |
_e63679 _aMAIN |
||
| 041 | _aEnglish | ||
| 082 | _a519.2 P974S | ||
| 100 | _aPuri, Madan Lal, ed. | ||
| 245 | 0 | _aStochastic processes and related topics: .Proceedings of the Summer Research Institute on Statistical Inference for Stochastic Processes, Bloomington, Indiana, July 31-August 9, 1975. V1 | |
| 260 |
_aNew York _bAcademic Press _c1975 |
||
| 300 | _axiii, 314 p. | ||
| 942 | _cBK | ||
| 999 |
_c206505 _d206505 |
||